Középiskolásokat díjaztak. Természettudományi észtorna
Elmentve itt :
| Dokumentumtípus: | Cikk |
|---|---|
| Megjelent: |
2000-03-14
|
| Sorozat: | Délmagyarország
90 No. 62 |
| Kulcsszavak: | Kémiai Tanszékcsoport, VegyÉsztorna |
| Online Access: | http://dmarchiv.bibl.u-szeged.hu/80733 |
| LEADER | 00454nab a2200145 i 4500 | ||
|---|---|---|---|
| 001 | delm80733 | ||
| 005 | 20191029144726.0 | ||
| 008 | 191029s2000 hu o 0|| hun d | ||
| 040 | |a SZTE Délmagyarország Archívum |b hun | ||
| 041 | |a hun | ||
| 245 | 0 | 0 | |a Középiskolásokat díjaztak. Természettudományi észtorna |h [elektronikus dokumentum] |
| 260 | |c 2000-03-14 | ||
| 300 | |a 9 | ||
| 490 | 0 | |a Délmagyarország |v 90 No. 62 | |
| 695 | |a Kémiai Tanszékcsoport, VegyÉsztorna | ||